Prelims possible-Indian economy: (Record no. 11966)

MARC details
000 -LEADER
fixed length control field 00592nam a22001937a 4500
005 - DATE AND TIME OF LATEST TRANSACTION
control field 20260515115042.0
008 - FIXED-LENGTH DATA ELEMENTS--GENERAL INFORMATION
fixed length control field 240925b |||||||| |||| 00| 0 eng d
020 ## - INTERNATIONAL STANDARD BOOK NUMBER
International Standard Book Number 9789359986999
040 ## - CATALOGING SOURCE
Original cataloging agency IN-DiNC
Transcribing agency IN-DiNC
041 ## - LANGUAGE CODE
Language code of sung or spoken text eng
082 ## - DEWEY DECIMAL CLASSIFICATION NUMBER
Classification number 030
Item number SHA
100 ## - MAIN ENTRY--PERSONAL NAME
Personal name Sharma, Shruti
Relator term author
245 ## - TITLE STATEMENT
Title Prelims possible-Indian economy:
Remainder of title IAS & State PCS 300+solved (chapterwise-topicwise 2023-1990)/
Statement of responsibility, etc. by Shruti Sharma and Abhishek Karn
260 ## - PUBLICATION, DISTRIBUTION, ETC.
Place of publication, distribution, etc. New Delhi:
Name of publisher, distributor, etc. Arihant,
Date of publication, distribution, etc. n.a.
300 ## - PHYSICAL DESCRIPTION
Extent 467p.
650 ## - SUBJECT ADDED ENTRY--TOPICAL TERM
Topical term or geographic name entry element National income
700 ## - ADDED ENTRY--PERSONAL NAME
Personal name Karn, Abhishek
Relator term author
942 ## - ADDED ENTRY ELEMENTS (KOHA)
Source of classification or shelving scheme Dewey Decimal Classification
Koha item type Books
Holdings
Withdrawn status Lost status Source of classification or shelving scheme Damaged status Not for loan Collection Home library Current library Shelving location Date acquired Cost, normal purchase price Total checkouts Full call number Barcode Date last seen Date last checked out Copy number Price effective from Koha item type
    Dewey Decimal Classification       Naharkatiya College Library Naharkatiya College Library General stacks 09/25/2024 475.00 1 030 SHA 30370 04/04/2025 03/20/2025 1 09/25/2024 Books